MESTSKÁ KNIŽNICA GIRALTOVCE  - online katalóg 

Spálenisk.o. (Record no. 23095)

000 -NÁVESTIE
fixed length control field 00873cam a2200277 a 4500
001 - EVIDENČNÉ ČÍSLO ZÁZNAMU - Kontrolné číslo
control field vtls011595324
005 - DÁTUM A ČAS POSLEDNEJ TRANSAKCIE
control field 20220127140933.0
008 - ÚDAJE S PEVNOU DĹŽKOU – VŠEOBECNÉ INFORMÁCIE
fixed length control field 200316s2016 xo e 000 f slo
020 ## - MEDZINÁRODNÉ ŠTANDARDNÉ ČÍSLO KNIHY (ISBN)
Medzinárodné štandardné číslo knihy (ISBN) 9788055151526
Qualifying information (viaz.)
035 ## - Iný štandardný identifikátor
Iný štandardný identifikátor urn:nbn:sk:snk-am00dh6m
035 ## - Iný štandardný identifikátor
Iný štandardný identifikátor urn:nbn:sk:snk-am3i24e
035 ## - Iný štandardný identifikátor
Iný štandardný identifikátor B5DF8394-FDA1-4664-9BF9-FAE6445DD61E
040 ## - ZDROJ KATALOGIZÁCIE
Pôvodná katalogizujúca agentúra TTKJF
Jazyk katalogizácie slo
Prepisujúca agentúra TTKJF
Modifikujúca agentúra SNK
Konvencie popisu AACR2
041 0# - KÓD JAZYKA
Kód jazyka textu/zvukovej stopy alebo samostatných nápisov slo
044 ## - KÓD KRAJINY VYDAVATEĽA/PRODUCENTA
Kód krajiny MARC xo
Kód krajiny ISO SK
072 #7 - KÓD PREDMETOVEJ KATEGÓRIE
Kód predmetovej kategórie 821.162.4-3
Pododdiel kódu predmetovej kategórie Slovenská próza
Zdroj konspekt
080 ## - ČÍSLO MEDZINÁRODNÉHO DESATINNÉHO TRIEDENIA (MDT)
Číslo Medzinárodného desatinného triedenia (MDT) 821.162.4-31
Identifikátor vydania 2011
100 1# - OSOBNÉ MENÁ – VŠEOBECNÉ INFORMÁCIE
Osobné meno Shemesh, Jana,
Dátumy súvisiace s menom 1975-
-- 2596
245 10 - NÁZOV
Názov Spálenisk.o.
Zvyšok názvu hriechy dym neprekryje
Údaj o zodpovednosti atď. Jana Shemesh
260 ## - VYDAVATEĽSKÉ ÚDAJE, DISTRIBÚCIA ATĎ.
Miesto publikovania, distribúcie atď. Bratislava
Názov vydavateľa, distibútora atď. Ikar
Dátum publikovania, distribúcie atď. 2016
300 ## - FYZICKÝ POPIS
Rozsah 261 s.
Rozmery 20 cm
655 #7 - INDEXAČNÝ TERMÍN – ŽÁNER/FORMA
Údaje o žánri/forme alebo termín, ktorý je prvok fazety slovenské romány
Zdroj termínu SNKPH
-- 1694
655 #7 - INDEXAČNÝ TERMÍN – ŽÁNER/FORMA
Údaje o žánri/forme alebo termín, ktorý je prvok fazety Slovak fiction
Zdroj termínu SNKPHeng
-- 1695
958 ## - Formálny deskriptor
Formálny deskriptor LX
Holdings
Stav stiahnutia (Blokovanie) (Withrawn status) Stav straty Zdroj klasifikácie pre skladovanie Stav poškodenia (Damaged status) Nie pre výpožičky (Not for loan) Spôsob nadobudnutia (Collection code) Trvalé umiestnenie Aktuálne umiestnenie Dátum nadobudnutia Náklady, bežná kúpna cena Inventárne číslo (prírastkové číslo) Full call number Čiarový kód Dátum posledného výskytu Cena s účinnosťou od Typ jednotky Koha
          Kúpa Mestská knižnica Giraltovce Mestská knižnica Giraltovce 2022-01-27 1.00 21442 B10376 B10376 2022-01-27 2022-01-27 Krásna literatúra pre dospelých

Powered by Koha